Alza la voce con forza (Record n. 99015)

Dettagli MARC
000 -LEADER
fixed length control field 01519njm a2200313Ia 4500
001 - CONTROL NUMBER
control field H5022
003 - CONTROL NUMBER IDENTIFIER
control field IT-RoPAU
005 - DATE AND TIME OF LATEST TRANSACTION
control field 20220918181111.0
008 - FIXED-LENGTH DATA ELEMENTS--GENERAL INFORMATION
fixed length control field 131025s9999 xx 000 0 und d
040 ## - CATALOGING SOURCE
Original cataloging agency IT-RoPAU
040 ## - CATALOGING SOURCE
Transcribing agency IT-RoPAU
041 ## - LANGUAGE CODE
Language code of text/sound track or separate title ITALIANO
999 ## - SYSTEM CONTROL NUMBERS (KOHA)
Koha Dewey Subclass [OBSOLETE] n.d.
100 ## - MAIN ENTRY--PERSONAL NAME
Personal name Rossini Gioachino
9 (RLIN) 2267
100 ## - MAIN ENTRY--PERSONAL NAME
Relator term Autore musica
9 (RLIN) 33394
100 ## - MAIN ENTRY--PERSONAL NAME
Miscellaneous information Codice autore musica SPICS: 11125
9 (RLIN) 2269
245 ## - TITLE STATEMENT
Title Alza la voce con forza
250 ## - EDITION STATEMENT
Edition statement 1a ed.
260 ## - PUBLICATION, DISTRIBUTION, ETC. (IMPRINT)
Place of publication, distribution, etc. MILANO
260 ## - PUBLICATION, DISTRIBUTION, ETC. (IMPRINT)
Name of publisher, distributor, etc. MULTIMEDIA SAN PAOLO
Date of publication, distribution, etc. 2004 [1a Ed.:2004 - Ed. Lingua Orig.: 2004]
300 ## - PHYSICAL DESCRIPTION
Extent COMPACT DISC
300 ## - PHYSICAL DESCRIPTION
Dimensions 55 minuti (Testo: 0 pag.)
500 ## - GENERAL NOTE
General note Parlato con musiche di accompagnamento. Salmi proclamati dalla viva voce di Giovanni Paolo II.
505 ## - FORMATTED CONTENTS NOTE
Formatted contents note Il cammino dell'uomo: Lavami - La voce dei poveri - Ti ho amato per primo - Chi manderò? - Alza la voce con forza - Eccomi - Tu sei il mio pastore - Progetto di vita - Signore, ti amo - Con te non ho paura - Fedeli alla scelta. Spalancate le porte a Cristo: La profezia; l'annuncio - L'attesa - La nascita -La liberazione - Ti cerca - Amore infinito - E' risorto - Rallegratevi. La madre: Regina del cielo - Madre della Chiesa - Madre e regina - Regina della pace - Maria di Nazareth.
650 ## - SUBJECT ADDED ENTRY--TOPICAL TERM
Topical term or geographic name as entry element RELIGIOSO [COMPACT DISC]
Relator term Codice MATERIA SPICS: 9949
9 (RLIN) 14031
700 ## - ADDED ENTRY--PERSONAL NAME
Personal name Donizetti Gaetano
Relator term Autore
Miscellaneous information Codice autore SPICS: 10737
9 (RLIN) 33395
700 ## - ADDED ENTRY--PERSONAL NAME
Personal name Giovanni Paolo II
Miscellaneous information Codice interprete SPICS: 52945
Relator term Interprete
9 (RLIN) 33396
942 ## - ADDED ENTRY ELEMENTS (KOHA)
Koha item type CD AUDIO
Source of classification or shelving scheme Dewey Decimal Classification
Dati di copia
Withdrawn status Lost status Damaged status Not for loan Home library Current library Date acquired Total Checkouts Full call number Date last seen Price effective from Koha item type Public note
    Buone Condizioni Not For Loan SPICS-MEDIATECA SPICS-MEDIATECA 25/10/2013   H5022 25/10/2013 25/10/2013 CD AUDIO Progr. Ins.: 23019 / N.Vol.: 1 / Copie: 1 - Copia rara: n.d. / date import: 01.01.2014 - By Epidotti, Trombetti, Vaglietti
CREDITS: SOCIETA' SAN PAOLO Via A.Severo, 58 - ROMA (RM) & PERIODICI SAN PAOLO SRL Via Giotto, 36 MILANO & CISF Via Giotto, 36 MILANO & EDIZIONI SAN PAOLO SRL,  Piazza Soncino, 5 CINISELLO BALSAMO (MI) -- ITALY